000 00687nam a2200253Ia 4500
003 OSt
005 20220918193400.0
006 a|||||r|||| 00| 0
007 ta
008 220917b |||||||| |||| 00| 0 eng d
024 _a72,874
037 _cTextual
040 _aARTS
_cARTS
_beng
041 _2eng
_aeng
082 _aR5vN6, M8
100 _aKlinkowitz Jerome
_981617
245 0 _aRosenberg, Barthes, Hassan
_b the postmodern habit of thought
260 _aAthens
_bUniv of Georgia Press
_c1988
300 _a139p.
_ccm.
500 _aBib 131-34p
650 _aAESTHETICS
942 _hR5vN6, M8
_cTEXL
_2CC
999 _c198815
_d198815